000 00377nam a2200145Ia 4500
008 230917s9999||||xx |||||||||||||| ||und||
040 _e210473
_aMAIN
041 _aEnglish
082 _a658.3 M17F
100 _aMcGuire, David, ed.
245 0 _aFundamentals of Human Resource Development
260 _aNew Delhi
_bSage Publications
_c2012
300 _av. p.
942 _cBK
999 _c172039
_d172039